=LDR 00000nam 2200000 4500 =001 001199 =005 20250710023347 =035 ##$$a 0010-0725000187 =007 ta =008 250710################a##########0#ind## =020 ##$$a 978-623-307-166-6 =082 ##$$a 398.209 598 =084 ##$$a 398.209 598 HER m =100 #$$a Herti audrey maulina =245 1#$$a Mama, aku bukan dia /$c Herti audrey maulina =250 ##$$a Cetakan pertama =260 ##$$a Rawamangun :$b Badan pengembangan dan pembinaan bahasa,$c 2022 =300 ##$$a 28 hlm. : $b Ilus. ; $c 29,7 cm =650 #4$$a Cerita anak-indonesia =990 ##$$a TBM00370037